Biografi Syed Mokhtar Abukhary : Premilla Mohanlal
| Main Author: | |
|---|---|
| Format: | Book |
| Published: |
Selangor :
PrinAd Sdn Bhd ,
2012
|
| Subjects: |
MARC
| LEADER | 00000cam a2200000 7i4500 | ||
|---|---|---|---|
| 001 | 0000004059 | ||
| 005 | 20160118.0 | ||
| 020 | 0 | 0 | |a 9789671157107 |
| 090 | 0 | 0 | |a 338.04092 |b BUKH 2012 |
| 100 | 0 | 0 | |a Premilla Mohanlal |
| 245 | 1 | 0 | |a Biografi Syed Mokhtar Abukhary : |b Premilla Mohanlal |
| 260 | 0 | 0 | |a Selangor : |b PrinAd Sdn Bhd , |c 2012 |
| 300 | |a ix, 209 p. ; |c 22 cm. | ||
| 500 | 0 | 0 | |a Includes index |
| 650 | 0 | 0 | |a Businesspeople |x Malaysia---Biography |
| 650 | 0 | 0 | |a Succes in business---MAlaysia |
| 998 | |a JPSM | ||
| 999 | |a 007891 |b Monograph |c Open Shelf |e Default branch | ||